Paroles - Le manoir, Indochine - Statistiques

Statistiques générales
  • Ce quiz a été pris 26 fois
  • Le résultat moyen est 121 sur 159
Statistiques - réponses
Réponse % Correct
à
100%
dans
100%
Et
100%
et
100%
manoir
100%
moi
100%
moi,
100%
tu
100%
Tu
100%
Emmène
94%
le
94%
puis,
94%
puis
94%
un
94%
ça
88%
plus
88%
toi
88%
bas
81%
de
81%
encore
81%
Encore
81%
Je
81%
je
81%
La
81%
nous
81%
pas
81%
sais
81%
es
75%
est
75%
que
75%
se
75%
Se
75%
ciel
69%
comme
69%
crois
69%
des
69%
Enchaîne
69%
Entre
69%
fait
69%
l'effet
69%
verras
69%
aura
63%
entraîne
63%
Entraîne
63%
Il
63%
les
63%
l'on
63%
n'existe
63%
63%
qu'il
63%
qu'on
63%
travers
63%
aucun
56%
avant
56%
Car
56%
croix
56%
dormir
56%
fâner
56%
faudra
56%
glisser
56%
héros
56%
noire
56%
nos
56%
nuages
56%
n'y
56%
partir
56%
sait
56%
secret,
56%
Tous
56%
Adore
50%
ange
50%
autour
50%
bois
50%
brûler
50%
cerveaux
50%
chambre
50%
Délivre
50%
flamme
50%
Oh
50%
redevenir
50%
une
50%
vois
50%
détruise
44%
prêt
44%
vies
44%
visiter
44%
quoi
38%
Aucun quiz correspondant
Distribution des résultats
% des personnes avec chaque résultat
Percentile par nombre de réponses
Votre historique - résultats
Vous n’avez pas pris ce quiz